| 000 | 00807nam a2200253 a 4500 | ||
|---|---|---|---|
| 001 | BRCA_7673 | ||
| 005 | 20190320205935.0 | ||
| 008 | 150813s1909----gw-a######---#000-0#ger-# | ||
| 041 | _ager | ||
| 044 | _agw | ||
| 050 | 4 |
_aN8790 _b.E93 1909 |
|
| 100 | 1 |
_aEudel, Paul _911394 |
|
| 245 | 1 | 0 |
_aFalscher-kunste _bnach der autorisierter _cPaul Eudel ; bearbeitung von Bruno Bucher ; neuherausgegeben und Erganzt von Arthur Roessler. |
| 260 |
_aLeipzig _bF. W. Grunow _c1909 |
||
| 300 |
_a215 p. _bil., 1 lámina _c22 cm. |
||
| 500 | _aU10 | ||
| 504 | _aBibliografía p.209 | ||
| 650 | 1 | 4 |
_aFalsificación de obras de arte _97762 |
| 650 | 1 | 4 |
_aFalsificación de antigüedades _918292 |
| 700 | 1 |
_aBucher, Bruno _d1826-1899 _eed. _918941 |
|
| 700 | 1 |
_aRoessler, Arthur _918942 |
|
| 902 | _aGFM | ||
| 942 |
_2lcc _cB |
||
| 999 |
_c7347 _d7347 |
||